[Event "ODJM A 2024"]
[Site "Willingen GER"]
[Date "2024.05.20"]
[Round "3"]
[White "Menzel, Maximilian"]
[Black "Weyerer, Noah"]
[Result "0-1"]
[Termination "normal"]
[Board "12"]
[WhiteElo "2128"]
[BlackElo "1869"]
[WhiteClock "00:02:14"]
[BlackClock "00:06:32"]
[PlyCount "80"]
[WhiteFideId "34617280"]
[BlackFideId "16250664"]
[EventCountry "GER"]
[EventRounds "9"]
[EventType "swiss"]
[EventDate "2024.05.18"]

1. d4 {[%clk 01:30:38]} {[%emt 00:00:22]} e6 {[%clk 01:30:34]} {[%emt
00:00:26]} 2. Nf3 {[%clk 01:31:03]} {[%emt 00:00:05]} f5 {[%clk 01:30:55]}
{[%emt 00:00:09]} 3. g3 {[%clk 01:31:24]} {[%emt 00:00:09]} Nf6 {[%clk
01:31:17]} {[%emt 00:00:08]} 4. Bg2 {[%clk 01:31:51]} {[%emt 00:00:03]} Be7
{[%clk 01:31:34]} {[%emt 00:00:13]} 5. O-O {[%clk 01:32:13]} {[%emt 00:00:07]}
O-O {[%clk 01:31:57]} {[%emt 00:00:07]} 6. c4 {[%clk 01:32:38]} {[%emt
00:00:05]} d6 {[%clk 01:32:18]} {[%emt 00:00:10]} 7. b3 {[%clk 01:32:29]}
{[%emt 00:00:39]} a5 {[%clk 01:32:30]} {[%emt 00:00:18]} 8. Bb2 {[%clk
01:32:17]} {[%emt 00:00:42]} a4 {[%clk 01:32:22]} {[%emt 00:00:38]} 9. b4
{[%clk 01:26:16]} {[%emt 00:06:31]} Nbd7 {[%clk 01:30:38]} {[%emt 00:02:14]}
10. a3 {[%clk 01:19:59]} {[%emt 00:06:47]} Ne4 {[%clk 01:28:13]} {[%emt
00:02:55]} 11. Nc3 {[%clk 01:11:38]} {[%emt 00:08:52]} Nxc3 {[%clk 01:28:25]}
{[%emt 00:00:18]} 12. Bxc3 {[%clk 01:12:07]} {[%emt 00:00:01]} Bf6 {[%clk
01:27:29]} {[%emt 00:01:25]} 13. Qc2 {[%clk 01:08:25]} {[%emt 00:04:12]} Qe8
{[%clk 01:15:08]} {[%emt 00:12:51]} 14. e4 {[%clk 01:05:25]} {[%emt 00:03:31]}
fxe4 {[%clk 01:15:13]} {[%emt 00:00:24]} 15. Qxe4 {[%clk 01:05:15]} {[%emt
00:00:40]} Nb6 {[%clk 01:15:09]} {[%emt 00:00:34]} 16. Qd3 {[%clk 00:58:52]}
{[%emt 00:06:52]} Qh5 {[%clk 01:13:19]} {[%emt 00:02:20]} 17. Nd2 {[%clk
00:48:13]} {[%emt 00:11:10]} e5 {[%clk 01:07:29]} {[%emt 00:06:20]} 18. Ne4
{[%clk 00:47:06]} {[%emt 00:01:37]} Bf5 {[%clk 01:06:17]} {[%emt 00:01:42]} 19.
dxe5 {[%clk 00:32:14]} {[%emt 00:15:22]} Bxe5 {[%clk 01:05:03]} {[%emt
00:01:44]} 20. Bxe5 {[%clk 00:31:55]} {[%emt 00:00:48]} dxe5 {[%clk 01:05:25]}
{[%emt 00:00:09]} 21. Qc3 {[%clk 00:27:13]} {[%emt 00:05:12]} Be6 {[%clk
00:57:58]} {[%emt 00:07:57]} 22. c5 {[%clk 00:24:08]} {[%emt 00:03:35]} Nd5
{[%clk 00:57:27]} {[%emt 00:01:01]} 23. Qb2 {[%clk 00:24:17]} {[%emt 00:00:21]}
Bg4 {[%clk 00:51:24]} {[%emt 00:06:33]} 24. Nd2 {[%clk 00:18:17]} {[%emt
00:06:29]} Rad8 {[%clk 00:45:58]} {[%emt 00:05:57]} 25. Rfe1 {[%clk 00:17:37]}
{[%emt 00:01:10]} Ne7 {[%clk 00:38:57]} {[%emt 00:07:31]} 26. Nc4 {[%clk
00:16:35]} {[%emt 00:01:32]} Ng6 {[%clk 00:33:49]} {[%emt 00:05:37]} 27. Nxe5
{[%clk 00:15:27]} {[%emt 00:01:39]} Nxe5 {[%clk 00:34:07]} {[%emt 00:00:12]}
28. Qxe5 {[%clk 00:14:06]} {[%emt 00:01:51]} Qf7 {[%clk 00:28:26]} {[%emt
00:06:10]} 29. Qb2 {[%clk 00:13:53]} {[%emt 00:00:44]} c6 {[%clk 00:22:38]}
{[%emt 00:06:18]} 30. Qa2 {[%clk 00:11:00]} {[%emt 00:03:23]} Qb3 {[%clk
00:18:49]} {[%emt 00:04:19]} 31. Be4 {[%clk 00:06:26]} {[%emt 00:05:04]} Qxa2
{[%clk 00:16:09]} {[%emt 00:03:09]} 32. Rxa2 {[%clk 00:06:53]} {[%emt
00:00:03]} Rfe8 {[%clk 00:15:32]} {[%emt 00:01:07]} 33. f3 {[%clk 00:05:25]}
{[%emt 00:01:59]} Bxf3 {[%clk 00:13:52]} {[%emt 00:02:09]} 34. Bxf3 {[%clk
00:02:34]} {[%emt 00:03:21]} Rxe1+ {[%clk 00:14:14]} {[%emt 00:00:07]} 35. Kf2
{[%clk 00:03:03]} {[%emt 00:00:01]} Rc1 {[%clk 00:13:29]} {[%emt 00:01:16]} 36.
Be4 {[%clk 00:02:07]} {[%emt 00:01:26]} Rdd1 {[%clk 00:09:31]} {[%emt
00:04:27]} 37. Re2 {[%clk 00:01:49]} {[%emt 00:00:47]} Rf1+ {[%clk 00:08:46]}
{[%emt 00:01:16]} 38. Kg2 {[%clk 00:01:43]} {[%emt 00:00:37]} Rfe1 {[%clk
00:08:02]} {[%emt 00:01:13]} 39. Kf2 {[%clk 00:01:46]} {[%emt 00:00:27]} Rxe2+
40. Kxe2 {[%clk 00:02:14]} Rc3 {[%clk 00:06:32]} {[%emt 00:02:10]} 0-1

[Event "ODJM A 2024"]
[Site "Willingen GER"]
[Date "2024.05.20"]
[Round "3"]
[White "Gold, Jan Christian"]
[Black "Sabirov, Rafael"]
[Result "0-1"]
[Termination "normal"]
[Board "13"]
[WhiteElo "1969"]
[BlackElo "2169"]
[WhiteClock "00:41:42"]
[BlackClock "00:20:37"]
[PlyCount "44"]
[WhiteFideId "16298128"]
[BlackFideId "16241185"]
[EventCountry "GER"]
[EventRounds "9"]
[EventType "swiss"]
[EventDate "2024.05.18"]

1. Nf3 {[%clk 01:26:31]} {[%emt 00:04:29]} c5 {[%clk 01:30:48]} {[%emt
00:00:13]} 2. e4 {[%clk 01:25:22]} {[%emt 00:01:39]} e6 {[%clk 01:31:13]}
{[%emt 00:00:05]} 3. d4 {[%clk 01:25:32]} {[%emt 00:00:20]} cxd4 {[%clk
01:31:38]} {[%emt 00:00:05]} 4. Nxd4 {[%clk 01:25:54]} {[%emt 00:00:08]} Nc6
{[%clk 01:32:05]} {[%emt 00:00:03]} 5. Nc3 {[%clk 01:25:37]} {[%emt 00:00:47]}
Qc7 {[%clk 01:32:30]} {[%emt 00:00:05]} 6. Be3 {[%clk 01:25:20]} {[%emt
00:00:46]} a6 {[%clk 01:32:56]} {[%emt 00:00:05]} 7. Qf3 {[%clk 01:25:06]}
{[%emt 00:00:44]} Nf6 {[%clk 01:30:04]} {[%emt 00:03:22]} 8. O-O-O {[%clk
01:24:29]} {[%emt 00:01:07]} Ne5 {[%clk 01:29:54]} {[%emt 00:00:40]} 9. Qg3
{[%clk 01:24:06]} {[%emt 00:00:53]} b5 {[%clk 01:29:56]} {[%emt 00:00:28]} 10.
Ndxb5 {[%clk 01:10:50]} {[%emt 00:13:46]} axb5 {[%clk 01:27:53]} {[%emt
00:02:32]} 11. Nxb5 {[%clk 01:08:28]} {[%emt 00:02:52]} Qb8 {[%clk 01:27:48]}
{[%emt 00:00:36]} 12. Bf4 {[%clk 01:08:43]} {[%emt 00:00:14]} d6 {[%clk
01:16:36]} {[%emt 00:11:43]} 13. Nxd6+ {[%clk 00:54:40]} {[%emt 00:14:33]} Bxd6
{[%clk 01:15:05]} {[%emt 00:02:01]} 14. Rxd6 {[%clk 00:54:17]} {[%emt
00:00:53]} Rxa2 {[%clk 01:02:09]} {[%emt 00:13:26]} 15. b3 {[%clk 00:52:15]}
{[%emt 00:02:31]} Qxd6 {[%clk 00:34:56]} {[%emt 00:27:43]} 16. Bxe5 {[%clk
00:50:03]} {[%emt 00:02:42]} Qc5 {[%clk 00:32:27]} {[%emt 00:03:00]} 17. Bd3
{[%clk 00:43:11]} {[%emt 00:07:21]} Nh5 {[%clk 00:30:53]} {[%emt 00:02:04]} 18.
Qg5 {[%clk 00:41:35]} {[%emt 00:02:06]} Ra1+ {[%clk 00:26:12]} {[%emt
00:05:12]} 19. Kb2 {[%clk 00:42:03]} {[%emt 00:00:01]} Rxh1 {[%clk 00:25:37]}
{[%emt 00:01:05]} 20. Qxh5 {[%clk 00:42:30]} {[%emt 00:00:03]} O-O {[%clk
00:23:04]} {[%emt 00:03:03]} 21. f4 {[%clk 00:42:11]} {[%emt 00:00:49]} Qa5
{[%clk 00:20:16]} {[%emt 00:03:17]} 22. Qg4 {[%clk 00:41:42]} {[%emt 00:01:00]}
Qa1# {[%clk 00:20:37]} {[%emt 00:00:09]} 0-1

[Event "ODJM A 2024"]
[Site "Willingen GER"]
[Date "2024.05.20"]
[Round "3"]
[White "Kieselbach, Marvin"]
[Black "Hofmann, Lorenz"]
[Result "0-1"]
[Termination "normal"]
[Board "14"]
[WhiteElo "1887"]
[BlackElo "2124"]
[WhiteClock "00:34:00"]
[BlackClock "00:27:54"]
[PlyCount "51"]
[WhiteFideId "16235770"]
[BlackFideId "12995509"]
[EventCountry "GER"]
[EventRounds "9"]
[EventType "swiss"]
[EventDate "2024.05.18"]

1. e4 {[%clk 01:30:51]} {[%emt 00:00:07]} c6 {[%clk 01:30:56]} {[%emt
00:00:05]} 2. Nf3 {[%clk 01:31:10]} {[%emt 00:00:12]} d5 {[%clk 01:31:22]}
{[%emt 00:00:03]} 3. Nc3 {[%clk 01:31:29]} {[%emt 00:00:10]} Bg4 {[%clk
01:31:47]} {[%emt 00:00:06]} 4. h3 {[%clk 01:31:20]} {[%emt 00:00:39]} Bh5
{[%clk 01:31:33]} {[%emt 00:00:44]} 5. exd5 {[%clk 01:31:31]} {[%emt 00:00:19]}
cxd5 {[%clk 01:31:59]} {[%emt 00:00:04]} 6. g4 {[%clk 01:31:19]} {[%emt
00:00:42]} Bg6 {[%clk 01:32:24]} {[%emt 00:00:05]} 7. h4 {[%clk 01:26:26]}
{[%emt 00:05:22]} f6 {[%clk 01:32:36]} {[%emt 00:00:19]} 8. d4 {[%clk
01:26:13]} {[%emt 00:00:43]} e6 {[%clk 01:32:51]} {[%emt 00:00:14]} 9. Bf4
{[%clk 01:25:52]} {[%emt 00:00:52]} Bb4 {[%clk 01:32:29]} {[%emt 00:00:52]} 10.
Bd2 {[%clk 01:24:13]} {[%emt 00:02:09]} h5 {[%clk 01:25:44]} {[%emt 00:07:15]}
11. g5 {[%clk 01:24:19]} {[%emt 00:00:24]} Ne7 {[%clk 01:25:25]} {[%emt
00:00:50]} 12. Qe2 {[%clk 01:22:59]} {[%emt 00:01:49]} Bf5 {[%clk 01:17:32]}
{[%emt 00:08:24]} 13. O-O-O {[%clk 01:21:23]} {[%emt 00:02:05]} Nbc6 {[%clk
01:15:32]} {[%emt 00:02:30]} 14. gxf6 {[%clk 01:04:18]} {[%emt 00:17:36]} gxf6
{[%clk 01:13:44]} {[%emt 00:02:17]} 15. Bh3 {[%clk 01:04:18]} {[%emt 00:00:29]}
Qd7 {[%clk 01:10:40]} {[%emt 00:03:34]} 16. Nb5 {[%clk 00:53:06]} {[%emt
00:11:42]} Bxd2+ {[%clk 01:02:10]} {[%emt 00:09:00]} 17. Rxd2 {[%clk 00:51:36]}
{[%emt 00:02:01]} Bxh3 {[%clk 00:48:58]} {[%emt 00:13:42]} 18. Rxh3 {[%clk
00:51:55]} {[%emt 00:00:10]} a6 {[%clk 00:49:09]} {[%emt 00:00:20]} 19. Nc3
{[%clk 00:51:35]} {[%emt 00:00:50]} Nf5 {[%clk 00:45:28]} {[%emt 00:04:11]} 20.
Na4 {[%clk 00:48:33]} {[%emt 00:03:32]} Qe7 {[%clk 00:38:50]} {[%emt 00:07:08]}
21. Rh1 {[%clk 00:39:23]} {[%emt 00:09:40]} Kf7 {[%clk 00:37:36]} {[%emt
00:01:44]} 22. Rdd1 {[%clk 00:36:13]} {[%emt 00:03:40]} b5 {[%clk 00:30:42]}
{[%emt 00:07:24]} 23. Nc5 {[%clk 00:34:59]} {[%emt 00:01:44]} Ncxd4 {[%clk
00:30:08]} {[%emt 00:01:04]} 24. Rxd4 {[%clk 00:33:40]} {[%emt 00:01:48]} Qxc5
{[%clk 00:30:11]} {[%emt 00:00:27]} 25. Rf4 {[%clk 00:34:00]} {[%emt 00:00:11]}
Qd6 {[%clk 00:27:54]} {[%emt 00:02:47]} 26. Rxf5 {[%emt 00:01:03]} 0-1

[Event "ODJM A 2024"]
[Site "Willingen GER"]
[Date "2024.05.20"]
[Round "3"]
[White "Köhler, Lukas"]
[Black "Schulz, Dennis"]
[Result "1-0"]
[Termination "normal"]
[Board "15"]
[WhiteElo "2039"]
[BlackElo "1959"]
[WhiteClock "00:27:50"]
[BlackClock "00:54:03"]
[PlyCount "47"]
[WhiteFideId "16221990"]
[BlackFideId "16241231"]
[EventCountry "GER"]
[EventRounds "9"]
[EventType "swiss"]
[EventDate "2024.05.18"]

1. e4 {[%clk 01:30:42]} {[%emt 00:00:17]} c6 {[%clk 01:30:43]} {[%emt
00:00:18]} 2. d4 {[%clk 01:30:45]} {[%emt 00:00:26]} d5 {[%clk 01:31:09]}
{[%emt 00:00:04]} 3. e5 {[%clk 01:30:52]} {[%emt 00:00:23]} Bf5 {[%clk
01:31:35]} {[%emt 00:00:04]} 4. h4 {[%clk 01:31:11]} {[%emt 00:00:11]} h5
{[%clk 01:32:04]} {[%emt 00:00:02]} 5. Bd3 {[%clk 01:31:26]} {[%emt 00:00:15]}
Bxd3 {[%clk 01:32:28]} {[%emt 00:00:06]} 6. Qxd3 {[%clk 01:31:51]} {[%emt
00:00:04]} e6 {[%clk 01:32:22]} {[%emt 00:00:36]} 7. Bg5 {[%clk 01:31:41]}
{[%emt 00:00:40]} Qa5+ {[%clk 01:30:48]} {[%emt 00:02:04]} 8. Nd2 {[%clk
01:31:32]} {[%emt 00:00:39]} Ne7 {[%clk 01:30:50]} {[%emt 00:00:29]} 9. Ngf3
{[%clk 01:30:16]} {[%emt 00:01:45]} Qa6 {[%clk 01:30:50]} {[%emt 00:00:30]} 10.
c4 {[%clk 01:30:10]} {[%emt 00:00:36]} Nf5 {[%clk 01:31:15]} {[%emt 00:00:06]}
11. O-O {[%clk 01:28:39]} {[%emt 00:02:00]} c5 {[%clk 01:23:46]} {[%emt
00:08:00]} 12. Rfd1 {[%clk 01:11:55]} {[%emt 00:17:13]} Nc6 {[%clk 01:19:49]}
{[%emt 00:04:27]} 13. dxc5 {[%clk 01:01:06]} {[%emt 00:11:19]} Bxc5 {[%clk
01:18:37]} {[%emt 00:01:43]} 14. a3 {[%clk 00:57:41]} {[%emt 00:03:55]} Qb6
{[%clk 01:08:49]} {[%emt 00:10:17]} 15. cxd5 {[%clk 00:49:03]} {[%emt
00:09:09]} Bxf2+ {[%clk 01:03:30]} {[%emt 00:05:49]} 16. Kh1 {[%clk 00:37:26]}
{[%emt 00:12:07]} Ng3+ {[%clk 00:56:22]} {[%emt 00:07:38]} 17. Kh2 {[%clk
00:37:52]} {[%emt 00:00:03]} exd5 {[%clk 00:56:35]} {[%emt 00:00:18]} 18. Bf4
{[%clk 00:34:26]} {[%emt 00:03:54]} Ne4 {[%clk 00:54:30]} {[%emt 00:02:36]} 19.
Nxe4 {[%clk 00:32:41]} {[%emt 00:02:14]} dxe4 {[%clk 00:54:42]} {[%emt
00:00:18]} 20. Qd7+ {[%clk 00:31:47]} {[%emt 00:01:24]} Kf8 {[%clk 00:55:06]}
{[%emt 00:00:07]} 21. e6 {[%clk 00:27:23]} {[%emt 00:04:55]} fxe6 {[%clk
00:53:21]} {[%emt 00:02:15]} 22. Bd6+ {[%clk 00:27:27]} {[%emt 00:00:24]} Kg8
{[%clk 00:53:42]} {[%emt 00:00:10]} 23. Qxe6+ {[%clk 00:27:50]} {[%emt
00:00:07]} Kh7 {[%clk 00:54:03]} {[%emt 00:00:08]} 24. Ng5# {[%emt 00:00:05]}
1-0

[Event "ODJM A 2024"]
[Site "Willingen GER"]
[Date "2024.05.20"]
[Round "3"]
[White "Brunner, Tobias"]
[Black "Ellinger, Maximilian"]
[Result "1-0"]
[Termination "normal"]
[Board "16"]
[WhiteElo "1997"]
[BlackElo "1818"]
[WhiteClock "00:16:32"]
[BlackClock "00:07:01"]
[PlyCount "109"]
[WhiteFideId "12949833"]
[BlackFideId "34631003"]
[EventCountry "GER"]
[EventRounds "9"]
[EventType "swiss"]
[EventDate "2024.05.18"]

1. d4 {[%clk 01:30:56]} {[%emt 00:00:03]} Nf6 {[%clk 01:30:53]} {[%emt
00:00:07]} 2. g3 {[%clk 01:30:53]} {[%emt 00:00:33]} c5 {[%clk 01:30:27]}
{[%emt 00:00:57]} 3. c3 {[%clk 01:30:52]} {[%emt 00:00:29]} cxd4 {[%clk
01:26:58]} {[%emt 00:04:00]} 4. cxd4 {[%clk 01:30:25]} {[%emt 00:00:57]} d5
{[%clk 01:27:15]} {[%emt 00:00:13]} 5. Nc3 {[%clk 01:30:47]} {[%emt 00:00:09]}
Nc6 {[%clk 01:26:21]} {[%emt 00:01:24]} 6. Bg2 {[%clk 01:31:04]} {[%emt
00:00:13]} e6 {[%clk 01:25:59]} {[%emt 00:00:53]} 7. Nf3 {[%clk 01:31:10]}
{[%emt 00:00:22]} Be7 {[%clk 01:25:45]} {[%emt 00:00:44]} 8. O-O {[%clk
01:30:43]} {[%emt 00:00:56]} O-O {[%clk 01:25:53]} {[%emt 00:00:23]} 9. Bf4
{[%clk 01:30:35]} {[%emt 00:00:38]} Bd7 {[%clk 01:18:47]} {[%emt 00:07:37]} 10.
a3 {[%clk 01:21:50]} {[%emt 00:09:15]} Rc8 {[%clk 01:15:34]} {[%emt 00:03:43]}
11. Qd3 {[%clk 01:20:07]} {[%emt 00:02:13]} Na5 {[%clk 01:10:26]} {[%emt
00:05:38]} 12. Ne5 {[%clk 01:19:39]} {[%emt 00:00:56]} Nc4 {[%clk 00:56:13]}
{[%emt 00:14:44]} 13. Rab1 {[%clk 01:14:33]} {[%emt 00:05:37]} Qb6 {[%clk
00:50:53]} {[%emt 00:05:50]} 14. Nxc4 {[%clk 01:08:15]} {[%emt 00:06:48]} Rxc4
{[%clk 00:50:49]} {[%emt 00:00:34]} 15. Rfd1 {[%clk 01:07:20]} {[%emt
00:01:25]} Rfc8 {[%clk 00:48:23]} {[%emt 00:02:55]} 16. e4 {[%clk 00:59:35]}
{[%emt 00:08:15]} dxe4 {[%clk 00:46:14]} {[%emt 00:02:40]} 17. Nxe4 {[%clk
00:59:58]} {[%emt 00:00:06]} Nd5 {[%clk 00:43:40]} {[%emt 00:03:05]} 18. Bc1
{[%clk 00:52:13]} {[%emt 00:08:14]} Bb5 {[%clk 00:40:31]} {[%emt 00:03:39]} 19.
Qb3 {[%clk 00:43:38]} {[%emt 00:09:05]} Qc6 {[%clk 00:33:42]} {[%emt 00:07:20]}
20. Nc3 {[%clk 00:41:23]} {[%emt 00:02:45]} Ba4 {[%clk 00:27:00]} {[%emt
00:07:12]} 21. Nxa4 {[%clk 00:40:45]} {[%emt 00:01:08]} Qxa4 {[%clk 00:26:46]}
{[%emt 00:00:44]} 22. Qxa4 {[%clk 00:39:53]} {[%emt 00:01:21]} Rxa4 {[%clk
00:27:13]} {[%emt 00:00:03]} 23. Bf1 {[%clk 00:40:01]} {[%emt 00:00:22]} Bf6
{[%clk 00:21:48]} {[%emt 00:05:55]} 24. Be3 {[%clk 00:37:39]} {[%emt 00:02:52]}
Ra5 {[%clk 00:18:08]} {[%emt 00:04:09]} 25. Rbc1 {[%clk 00:34:36]} {[%emt
00:03:34]} Rd8 {[%clk 00:16:32]} {[%emt 00:02:06]} 26. Rd3 {[%clk 00:30:00]}
{[%emt 00:05:06]} Nxe3 {[%clk 00:15:32]} {[%emt 00:01:31]} 27. fxe3 {[%clk
00:30:22]} {[%emt 00:00:08]} Rad5 {[%clk 00:13:51]} {[%emt 00:02:10]} 28. b4
{[%clk 00:28:44]} {[%emt 00:02:08]} R5d7 {[%clk 00:12:36]} {[%emt 00:01:46]}
29. Bg2 {[%clk 00:29:04]} {[%emt 00:00:09]} e5 {[%clk 00:11:31]} {[%emt
00:01:36]} 30. d5 {[%clk 00:29:24]} {[%emt 00:00:09]} Be7 {[%clk 00:11:32]}
{[%emt 00:00:30]} 31. e4 {[%clk 00:29:43]} {[%emt 00:00:11]} Bd6 {[%clk
00:10:08]} {[%emt 00:01:54]} 32. Rdc3 {[%clk 00:29:34]} {[%emt 00:00:38]} Bb8
{[%clk 00:06:29]} {[%emt 00:04:09]} 33. Kf2 {[%clk 00:27:39]} {[%emt 00:02:25]}
g6 {[%clk 00:06:26]} {[%emt 00:00:33]} 34. g4 {[%clk 00:27:19]} {[%emt
00:00:49]} g5 {[%clk 00:06:29]} {[%emt 00:00:29]} 35. Bf1 {[%clk 00:23:37]}
{[%emt 00:04:12]} f6 {[%clk 00:05:31]} {[%emt 00:01:28]} 36. Ke3 {[%clk
00:22:51]} {[%emt 00:01:16]} Kf7 {[%clk 00:05:29]} {[%emt 00:00:31]} 37. Kd2
{[%clk 00:23:11]} {[%emt 00:00:10]} Rd6 {[%clk 00:04:25]} {[%emt 00:01:34]} 38.
Kc2 {[%clk 00:20:18]} {[%emt 00:03:23]} a6 {[%clk 00:02:22]} {[%emt 00:02:33]}
39. Kb3 {[%clk 00:20:40]} {[%emt 00:00:09]} Ba7 {[%clk 00:02:06]} {[%emt
00:00:45]} 40. b5 {[%clk 00:18:37]} {[%emt 00:02:33]} a5 {[%clk 00:01:15]}
{[%emt 00:01:22]} 41. Rc7+ {[%clk 00:16:38]} {[%emt 00:02:29]} R6d7 {[%clk
00:28:59]} {[%emt 00:02:46]} 42. Rxd7+ {[%clk 00:43:17]} {[%emt 00:03:50]} Rxd7
{[%clk 00:29:25]} {[%emt 00:00:05]} 43. Rc8 {[%clk 00:43:41]} {[%emt 00:00:05]}
b6 {[%clk 00:21:11]} {[%emt 00:08:44]} 44. Rh8 {[%clk 00:37:02]} {[%emt
00:07:09]} Ke7 {[%clk 00:18:03]} {[%emt 00:03:39]} 45. Rxh7+ {[%clk 00:36:44]}
{[%emt 00:00:48]} Kd6 {[%clk 00:18:28]} {[%emt 00:00:05]} 46. Rh6 {[%clk
00:36:02]} {[%emt 00:01:11]} Rf7 {[%clk 00:18:10]} {[%emt 00:00:48]} 47. Rh8
{[%clk 00:35:29]} {[%emt 00:01:02]} Rc7 {[%clk 00:17:36]} {[%emt 00:01:04]} 48.
Bc4 {[%clk 00:33:32]} {[%emt 00:02:28]} Rf7 {[%clk 00:16:13]} {[%emt 00:01:53]}
49. Kc3 {[%clk 00:30:27]} {[%emt 00:03:35]} Rg7 {[%clk 00:14:07]} {[%emt
00:02:37]} 50. Re8 {[%clk 00:26:45]} {[%emt 00:04:11]} Rf7 {[%clk 00:11:49]}
{[%emt 00:02:49]} 51. Re6+ {[%clk 00:19:26]} {[%emt 00:07:48]} Kd7 {[%clk
00:12:14]} {[%emt 00:00:05]} 52. Kb3 {[%clk 00:16:44]} {[%emt 00:03:12]} Rf8
{[%clk 00:11:38]} {[%emt 00:01:07]} 53. Rc6 {[%clk 00:16:55]} {[%emt 00:00:19]}
Kd8 {[%clk 00:11:10]} {[%emt 00:00:58]} 54. d6 {[%clk 00:16:36]} {[%emt
00:00:48]} Bb8 {[%clk 00:07:01]} {[%emt 00:04:39]} 55. Be6 {[%clk 00:16:32]}
{[%emt 00:00:34]} 1-0

[Event "ODJM A 2024"]
[Site "Willingen GER"]
[Date "2024.05.20"]
[Round "3"]
[White "Mainka, Ingmar"]
[Black "Meiwes, Thore"]
[Result "0-1"]
[Termination "normal"]
[Board "17"]
[WhiteElo "1879"]
[BlackElo "2050"]
[WhiteClock "01:13:34"]
[BlackClock "01:22:09"]
[PlyCount "28"]
[WhiteFideId "16254937"]
[BlackFideId "16201256"]
[EventCountry "GER"]
[EventRounds "9"]
[EventType "swiss"]
[EventDate "2024.05.18"]

1. e4 {[%clk 01:30:59]} c5 {[%clk 01:30:56]} {[%emt 00:00:04]} 2. Nf3 {[%clk
01:31:25]} {[%emt 00:00:04]} Nc6 {[%clk 01:31:23]} {[%emt 00:00:03]} 3. d4
{[%clk 01:31:51]} {[%emt 00:00:05]} cxd4 {[%clk 01:31:50]} {[%emt 00:00:02]} 4.
Nxd4 {[%clk 01:32:18]} {[%emt 00:00:04]} g6 {[%clk 01:32:16]} {[%emt 00:00:04]}
5. Be3 {[%clk 01:32:40]} {[%emt 00:00:07]} Nf6 {[%clk 01:32:37]} {[%emt
00:00:09]} 6. Nc3 {[%clk 01:33:06]} {[%emt 00:00:04]} Bg7 {[%clk 01:33:03]}
{[%emt 00:00:04]} 7. Nb3 {[%clk 01:31:39]} {[%emt 00:01:57]} O-O {[%clk
01:33:14]} {[%emt 00:00:19]} 8. f3 {[%clk 01:31:55]} {[%emt 00:00:15]} d5
{[%clk 01:26:45]} {[%emt 00:06:58]} 9. Nxd5 {[%clk 01:19:54]} {[%emt 00:12:32]}
Nxd5 {[%clk 01:26:07]} {[%emt 00:01:07]} 10. exd5 {[%clk 01:20:14]} {[%emt
00:00:10]} Nb4 {[%clk 01:26:07]} {[%emt 00:00:29]} 11. c3 {[%clk 01:20:02]}
{[%emt 00:00:43]} Nxd5 {[%clk 01:26:24]} {[%emt 00:00:13]} 12. Bd2 {[%clk
01:16:05]} {[%emt 00:04:28]} e5 {[%clk 01:22:32]} {[%emt 00:04:21]} 13. Bc4
{[%clk 01:13:22]} {[%emt 00:03:13]} Qh4+ {[%clk 01:21:46]} {[%emt 00:01:17]}
14. g3 {[%clk 01:13:34]} {[%emt 00:00:18]} Qxc4 {[%clk 01:22:09]} {[%emt
00:00:07]} 0-1